|
|
|
|
| LEADER |
00000nbm0a2200000 4500 |
| 001 |
145895 |
| 005 |
20231031144401.0 |
| 035 |
|
|
|a (RuTPU)RU\TPU\book\158143
|
| 090 |
|
|
|a 145895
|
| 100 |
|
|
|a 20081023d1965 k y0rusy50 ca
|
| 101 |
0 |
|
|a rus
|
| 102 |
|
|
|a RU
|
| 105 |
|
|
|a a m 001zy
|
| 200 |
1 |
|
|a Исследование процессов разделения изотопов азота и кислорода при электросинтезе окиси азота и озона
|e диссертация на соискание ученой степени кандидата физико-математических наук
|f В. Н. Меленевский
|g Томский политехнический институт (ТПИ) ; науч. рук. И. А. Тихомиров
|
| 210 |
|
|
|a Томск
|d 1965
|
| 215 |
|
|
|a 170 л.
|c ил.
|e приложение
|
| 320 |
|
|
|a Библиогр.: с. 156-169 (241 назв.)
|
| 610 |
1 |
|
|a диссертации
|
| 610 |
1 |
|
|a изотопы азота
|
| 610 |
1 |
|
|a изотопы кислорода
|
| 610 |
1 |
|
|a разделение
|
| 610 |
1 |
|
|a электросинтез
|
| 610 |
1 |
|
|a окись азота
|
| 610 |
1 |
|
|a окись озона
|
| 610 |
1 |
|
|a химическая кинетика
|
| 610 |
1 |
|
|a электрические разряды
|
| 610 |
1 |
|
|a труды учёных ТПУ
|
| 675 |
|
|
|a 539.163:546.1(04)
|v 3
|
| 675 |
|
|
|a 539.163:546.2(04)
|v 3
|
| 700 |
|
1 |
|a Меленевский
|b В. Н.
|
| 702 |
|
1 |
|a в
|b И. А.
|4 727
|
| 702 |
|
1 |
|a Тихомиров
|b И. А.
|c российский физик
|c доктор физико-математических наук, профессор Томского политехнического университета
|f 1921-2010
|g Иван Арсентьевич
|2 stltpush
|3 (RuTPU)RU\TPU\pers\18334
|4 727
|
| 712 |
0 |
2 |
|a Томский политехнический институт (ТПИ)
|c (1944-1991)
|2 stltpush
|3 (RuTPU)RU\TPU\col\1123
|
| 801 |
|
1 |
|a RU
|b 63413507
|c 20081023
|g PSBO
|
| 801 |
|
2 |
|a RU
|b 63413507
|c 20130306
|g PSBO
|
| 942 |
|
|
|c BK
|